logo

Bir Sreshtho Munshi Abdur Rouf Library
Jhenaidah Cadet College

লোক-সাহিত্য / (Record no. 13513)

MARC details
000 -LEADER
fixed length control field 00498nam a2200181 a 4500
003 - CONTROL NUMBER IDENTIFIER
JCCL marc code BD-JhCC
005 - DATE AND TIME OF LATEST TRANSACTION
control field 20231113135353.0
008 - FIXED-LENGTH DATA ELEMENTS--GENERAL INFORMATION
fixed length control field 231113b1965 b |||| ||a| 000 0 b d
035 ## - SYSTEM CONTROL NUMBER
system control number (BD-JhCC)
040 ## - CATALOGING SOURCE
Original cataloging agency BD-JhCC
Modifying agency BD-JhCC
041 ## - LANGUAGE CODE
Language code of Book Bengali
082 ## - DEWEY DECIMAL CLASSIFICATION NUMBER
Classification number 398.09
Author mark and Year LOK 1965
245 ## - TITLE STATEMENT
Title লোক-সাহিত্য /
Statement of responsibility, etc ফজলে রাব্বি।
300 ## - PHYSICAL DESCRIPTION
Pagination 442 p. :
Dimensions 26 cm.
650 ## - SUBJECT ADDED ENTRY--TOPICAL TERM
Topical term or geographic name as entry element Folklore society
700 ## - ADDED ENTRY--PERSONAL NAME
Personal name রাব্বি,ফজলে
942 ## - ADDED ENTRY ELEMENTS (KOHA)
Source of classification or shelving scheme Dewey Decimal Classification
Koha item type Books
Holdings
Source of classification or shelving scheme Damaged status Not for loan Home library Current library Shelving location Date of accession Total Checkouts Full call number Barcode Date last seen Copy number Method of acquisition Koha item type Currency
Dewey Decimal Classification     JCC Rouf Library JCC Rouf Library General Stacks 11/12/2023   398.09 LOK 1965 11003 11/13/2023 C-1 Purchase Books BDT

JCC Library | Contacts | JCC Home

Last Update on 23 September 2017
Copyright @ 2017-2020 JCC Rouf Library
Rouf Library, Jhenidah Cadet College (JCC), Bangladesh